| 000 | 01591cam a2200337 i 4500 | ||
|---|---|---|---|
| 001 | 64426 | ||
| 003 | Mx-PuUPA | ||
| 005 | 20260317155539.0 | ||
| 008 | 160310s2019 mx ae gr 000 0 spa d | ||
| 020 | _a9786071737311 | ||
| 040 |
_aMx-PuUPA _cMx-PuUPA _bspa _dMx-PuUPA _erda |
||
| 041 | 1 |
_aspa _heng |
|
| 100 | 1 |
_aZell, Mo, _eautor _916506 |
|
| 240 | 1 | 0 |
_aThe architectural drawing course: the hand drawing techniques every architect should know. _lEspañol |
| 245 | 1 | 0 |
_aCurso de dibujo arquitectónico / _cMo Zell |
| 246 | 3 | 4 |
_aCurso de dibujo arquitectónico : _bherramientas y técnicas para represntación en 2-D y 3-D. |
| 250 |
_aPrimera edición / _bampliada, revisada, actualizada |
||
| 264 | 1 |
_aCiudad de México : _bEditorial Trillas, _c2019 |
|
| 300 |
_a160 páginas : _bilustraciones, planos (principalmente a color) ; _c23 cm |
||
| 336 |
_atexto _btxt _2rdacontent |
||
| 337 |
_2rdamedia _asin medio _bn |
||
| 338 |
_2rdacarrier _avolumen _bnc |
||
| 650 | 7 |
_2armarc _aDibujo arquitectónico _xTécnica |
|
| 765 | 0 |
_aZell, Mo _tThe architectural drawing course: the hand drawing techniques every architect should know. _dUnited Kingdom : Thames & Hudson Ltd, 2017 _z9780500293454 |
|
| 942 |
_cLI _2ddc _h720.28 _iZ45 |
||
| 999 |
_c64426 _d64426 |
||